书目信息 |
| 题名: |
有限群导引
|
|
| 作者: | 徐明曜 著 | |
| 分册: | 上册 | |
| 出版信息: | 北京 科学出版社 1987 |
|
| 页数: | 248页 | |
| 开本: | 20cm | |
| 丛书名: | 现代数学基础丛书 | |
| 单 册: | ||
| 中图分类: | O152.1 | |
| 科图分类: | ||
| 主题词: | 有限群 | |
| 电子资源: | ||
| ISBN: | 7-03-000073-0 | |
| 000 | 00678nam2 2200253 45 | |
| 001 | 0187007962 | |
| 005 | 20040517082412.5 | |
| 010 | @a7-03-000073-0@dCNY2.30 | |
| 100 | @a19900808d1987 em y0chiy0121 ea | |
| 101 | 0 | @achi |
| 102 | @aCN@b110000 | |
| 105 | @ay z 000yy | |
| 106 | @ar | |
| 200 | 10 | @a有限群导引@Ayou xian qun dao yin@h上册@f徐明曜著 |
| 210 | @a北京@c科学出版社@d1987 | |
| 215 | @a248页@d20cm | |
| 225 | 2 | @a现代数学基础丛书 |
| 410 | 0 | @120010@a现代数学基础丛书 |
| 606 | @a有限群 | |
| 690 | @aO152.1@v3 | |
| 701 | 0 | @a徐明曜@Axu ming yao@4著 |
| 801 | 0 | @aCN@b深圳图书馆@c20040517 |
| 801 | 2 | @aCN@bNLC@c20040517 |
| 905 | @f2@b206231-232@dO152.1@e14:1 | |
| 有限群导引.上册/徐明曜著.-北京:科学出版社,1987 |
| 248页;20cm.-(现代数学基础丛书) |
| ISBN 7-03-000073-0:CNY2.30 |
| ● |
| 相关链接 |
|
|
|
|
正题名:有限群导引
索取号:O152.1/14:1
 
预约/预借
| 序号 | 登录号 | 条形码 | 馆藏地/架位号 | 状态 | 备注 |
| 1 | 0206231 | 000412930 | 第三借阅区/ [索取号:O152.1/14:1] | 在馆 | |
| 2 | 0206232 | 000412921 | 第三借阅区/ [索取号:O152.1/14:1] | 在馆 | |
| 3 | 0206233 | 000412912 | 第二样本阅览室/ [索取号:O152.1/14:1] | 在馆 |